Actas de derecho industrial y derecho de autor. (Registro nro. 158558)
[ vista simple ]
| 000 -LEADER | |
|---|---|
| fixed length control field | 01421ny a22002893n 4500 |
| 008 - FIXED-LENGTH DATA ELEMENTS--GENERAL INFORMATION | |
| fixed length control field | 020326s2001 sp s 000 spa c |
| 020 ## - INTERNATIONAL STANDARD BOOK NUMBER | |
| International Standard Book Number | 8497681932 |
| 035 ## - | |
| -- | 5048 |
| 040 ## - CATALOGING SOURCE | |
| Original cataloging agency | UMA.RE |
| Modifying agency | vLex |
| 080 ## - | |
| -- | 347.77/78 |
| 090 ## - | |
| -- | 17 |
| -- | 17 |
| 100 0# - MAIN ENTRY--PERSONAL NAME | |
| Personal name | Gómez Segade, José Antonio |
| 245 00 - TITLE STATEMENT | |
| Title | Actas de derecho industrial y derecho de autor. |
| Number of part/section of a work | Tomo XXIV, |
| Name of part/section of a work | 2003 |
| Medium | [Recurso electrónico] |
| Statement of responsibility, etc | José A. Gómez Segade, Manuel Botana Agra |
| 256 ## - | |
| -- | Servicio en línea |
| 260 ## - PUBLICATION, DISTRIBUTION, ETC. (IMPRINT) | |
| Place of publication, distribution, etc | [Santiago de Compostela] : |
| Name of publisher, distributor, etc | Instituto de Derecho Industrial de la Universidad de Santiago de Compostela, |
| Date of publication, distribution, etc | [2005] |
| 506 1# - RESTRICTIONS ON ACCESS NOTE | |
| Terms governing access | Contenido solo disponible en los productos indicados |
| Authorized users | vLex Global |
| -- | vLex Global (Academic Edition, excluding Law Schools) |
| -- | vLex Global (U.S. Academic Edition, Law Schools) |
| -- | vLex Global (U.S. Academic Edition, excluding Law Schools) |
| -- | vLex Global (Academic Edition, Law Schools) |
| 650 07 - SUBJECT ADDED ENTRY--TOPICAL TERM | |
| Topical term or geographic name as entry element | Propiedad industrial |
| Source of heading or term | Tesauro vLex |
| 650 07 - SUBJECT ADDED ENTRY--TOPICAL TERM | |
| Topical term or geographic name as entry element | PARCELAS MENSAIS |
| Source of heading or term | Tesauro vLex |
| 650 07 - SUBJECT ADDED ENTRY--TOPICAL TERM | |
| Source of heading or term | Tesauro vLex |
| Topical term or geographic name as entry element | Derechos de autor |
| 650 07 - SUBJECT ADDED ENTRY--TOPICAL TERM | |
| Source of heading or term | Tesauro vLex |
| Topical term or geographic name as entry element | Propiedad intelectual |
| 700 1# - ADDED ENTRY--PERSONAL NAME | |
| Personal name | Botana Agra, Manuel José |
| 710 2# - ADDED ENTRY--CORPORATE NAME | |
| Corporate name or jurisdiction name as entry element | Universidad de Santiago de Compostela. |
| Subordinate unit | Instituto de Derecho Industrial |
| 740 0# - | |
| -- | vLex Libros (Servicios en línea) |
| 856 40 - LOCALIZACIÓN Y ACCESO ELECTRÓNICO | |
| Identificador Uniforme del Recurso (URI/URL) | https://app.vlex.com/#/sources/actas-derecho-industrial-derecho-autor-tomo-xxiv-2003-5048 |
| 942 ## - | |
| -- | RAA |
| 999 ## - | |
| -- | 158558 |
| -- | 158558 |
No hay ítems disponibles.